000
00294nam a22001337a 4500
008
171031b xxu||||| |||| 00| 0 eng d
020
_a
9789992701942
041
_a
ALB
080
_2
2 ED
_a
33
100
_a
59
101
_a
BUS
245
_a
BIZNESI NDERKOMBETAR
_c
KRISTO.I
942
_2
udc
_c
BK
999
_c
36822
_d
36822